000 01427nam a2200385 a 4500
001 ebr10210243
003 CaPaEBR
006 m u
007 cr cn|||||||||
008 961028s1997 ctu sb 001 0 eng d
010 _z 96047779
020 _z0300070195 (cloth : alk. paper)
020 _z0300076002 (pbk. : alk. paper)
020 _z9780300076004
020 _z9780300127737
040 _aCaPaEBR
_cCaPaEBR
035 _a(OCoLC)47008086
050 1 4 _aJC571
_b.W147 1997eb
082 0 4 _a305.8
_221
100 1 _aWalzer, Michael.
245 1 0 _aOn toleration
_h[electronic resource] /
_cMichael Walzer.
260 _aNew Haven :
_bYale University Press,
_cc1997.
300 _axii, 126 p.
490 1 _aCastle lectures in ethics, politics, and economics
504 _aIncludes bibliographical references (p. 113-119) and index.
533 _aElectronic reproduction.
_bPalo Alto, Calif. :
_cebrary,
_d2013.
_nAvailable via World Wide Web.
_nAccess may be limited to ebrary affiliated libraries.
650 0 _aHuman rights.
650 0 _aToleration.
650 0 _aCultural pluralism.
650 0 _aMulticulturalism.
655 7 _aElectronic books.
_2local
710 2 _aebrary, Inc.
830 0 _aCastle lectures in ethics, politics, and economics.
856 4 0 _uhttp://site.ebrary.com/lib/rucke/Doc?id=10210243
_zAn electronic book accessible through the World Wide Web; click to view
999 _c124197
_d124197